| LEADER | 00371cam a2200133 7i4500 | ||
|---|---|---|---|
| 001 | 0000024432 | ||
| 005 | 20100426090000.0 | ||
| 090 | 0 | 0 | |a T 382.7 |b GRE (GREN) |
| 245 | 0 | 0 | |a Grenada customs tariff (1st February 2010). |
| 260 | 0 | 0 | |a [S.l]: |b [s.n], |c 2010. |
| 300 | # | # | |a [v.p]. |
| 650 | 0 | 0 | |a Tariff -- |z Grenada |
| 651 | 0 | 0 | |a Grenada |
| 999 | |a 0000026476 |b Book |c Tariffs |e Business Information Centre | ||